Կորուսյալ եդեմ, կամ որտեղից է սկսվում Արաքսը : (Record no. 502317)
[ view plain ]
| 000 -LEADER | |
|---|---|
| fixed length control field | 01314nam a2200277 a 4500 |
| 001 - CONTROL NUMBER | |
| control field | 000965454 |
| 003 - CONTROL NUMBER IDENTIFIER | |
| control field | AM-YeHGA |
| 005 - DATE AND TIME OF LATEST TRANSACTION | |
| control field | 20250617163204.0 |
| 008 - FIXED-LENGTH DATA ELEMENTS--GENERAL INFORMATION | |
| fixed length control field | 130531s2013 gs r 000 0 arm d |
| 020 ## - INTERNATIONAL STANDARD BOOK NUMBER | |
| International Standard Book Number | 9789941424885 |
| 040 ## - CATALOGING SOURCE | |
| Original cataloging agency | AM-YeHGA |
| 041 0# - LANGUAGE CODE | |
| Language code of text/sound track or separate title | arm |
| 090 ## - LOCALLY ASSIGNED LC-TYPE CALL NUMBER (OCLC); LOCAL CALL NUMBER (RLIN) | |
| -- | 505732 |
| 100 1# - MAIN ENTRY--PERSONAL NAME | |
| Personal name | Հովսեփյան, Վիկտոր Հակոբի, |
| Dates associated with a name | 1948-1996 |
| 245 10 - TITLE STATEMENT | |
| Title | Կորուսյալ եդեմ, կամ որտեղից է սկսվում Արաքսը : |
| Remainder of title | Վեպ / |
| Statement of responsibility, etc. | Վ. Հովսեփյան; Կազմ., ծանոթագր. Գ. Հովսեփյան; Խմբ. Գ. Սնխչյան; Վ. Հովսեփյանի տուն-թանգ. |
| 260 ## - PUBLICATION, DISTRIBUTION, ETC. | |
| Place of publication, distribution, etc. | Թբիլիսի : |
| Name of publisher, distributor, etc. | Մծիգնոբարի, |
| Date of publication, distribution, etc. | 2013. |
| 300 ## - PHYSICAL DESCRIPTION | |
| Extent | 574 էջ : |
| Other physical details | 1 ներդ. թ. լուսանկ. ; |
| Dimensions | 21 էջ. |
| 440 #0 - SERIES STATEMENT/ADDED ENTRY--TITLE | |
| Title | Գրական ժառանգություն |
| 500 ## - GENERAL NOTE | |
| General note | Տիտղթ.-ի դարձերեսը՝ վրաց. և հայ. լեզ. |
| 504 ## - BIBLIOGRAPHY, ETC. NOTE | |
| Bibliography, etc. note | Մատենագիտ. տողատ. ծանոթ. և էջ՝ 542-547 |
| 504 ## - BIBLIOGRAPHY, ETC. NOTE | |
| Bibliography, etc. note | Բառարան՝ էջ 548-570 |
| 650 14 - SUBJECT ADDED ENTRY--TOPICAL TERM | |
| Topical term or geographic name entry element | Հայ գրականություն |
| General subdivision | Վեպ |
| 700 1# - ADDED ENTRY--PERSONAL NAME | |
| Personal name | Հովսեփյան, Գիսանե Վիկտորի, |
| Dates associated with a name | 1976- |
| Relator term | կազմ. |
| Relationship | com |
| 700 1# - ADDED ENTRY--PERSONAL NAME | |
| Personal name | Սնխչյան, Գևորգ Զարզանդի, |
| Dates associated with a name | 1950- |
| Relator term | խմբ. |
| Relationship | edt |
| 710 2# - ADDED ENTRY--CORPORATE NAME | |
| Corporate name or jurisdiction name as entry element | Վիկտոր Հովսեփյանի տուն-թանգարան |
| Withdrawn status | Lost status | Source of classification or shelving scheme | Damaged status | Not for loan | Collection | Home library | Current library | Date acquired | Total checkouts | Full call number | Barcode | Date last seen | Price effective from | Koha item type | Public note |
|---|---|---|---|---|---|---|---|---|---|---|---|---|---|---|---|
| Universal Decimal Classification | General | Fundamental Scientific Library | Fundamental Scientific Library | 26/11/2019 | AII/105337 | FL0612100 | 26/11/2019 | 26/11/2019 | Գրքեր / Books | 30 Days Loan |
ՀՀ Գիտությունների ազգային ակադեմիայի հիմնարար գիտական գրադարան = Fundamental Scientific Library of NAS RA
All site content, except where otherwise noted, is licensed under a